01497nam a2200445 i 450000100060000000300080000600500170001400600190003100700150005000800410006502000270010603500230013303500240015603500250018003500210020504000310022605000210025708000070027808200150028510000320030024501170033226400390044930000410048833600310052933700330056033800430059349000120063650000220064850400290067058801270069965000160082665000230084265000160086565000160088165000230089765000290092065500270094983000130097685600620098981311FlNmELB20241217151831.0m o d | cr cnu||||||||160111s2012 sp ob 001 0 spa d a9788490295762 (e-book) a(MiAaPQ)EBC4184309 a(Au-PeEL)EBL4184309 a(CaPaEBR)ebr11126588 a(OCoLC)949158880 aFINmELBbspaerdacFINmELB 4aKKT68bC314 2012 a340 a349.462231 aCarreras Serra, Lluís de.14aLas normas jurídicas de los periodistas :bderecho español de la información /cLluís de Carreras Serra. 1aBarcelona :bEditorial UOC,c2012. a1 recurso en línea (396 páginas) atextobtxt2rdacontent/spa acomputadorabc2rdamedia/spa arecurso en líneabcr2rdacarrier/spa1 aDerecho aIncluye índice. aContiene bibliografía. aDescripción basada en recurso en línea; Título de la página del título en PDF (e-libro, visto January 13, 2016). 0aLawzSpain. 4aDerechozEspaña. 0aJournalism. 4aPeriodismo. 0aFreedom of speech. 4aLibertad de expresión. 4aLibros electrónicos. 0aDerecho.40uhttps://elibro.net/ereader/politecnicointernacional/56544